[Event "Tournoi Skype 015B"]
[Site "Skype"]
[Date "????.??.??"]
[Round "2.4"]
[White "Gharbi, Said"]
[Black "Le Brun, Yves"]
[Result "1-0"]
[WhiteElo "1365"]
[BlackElo "1437"]
[PlyCount "80"]

1. e4 e5 2. Nf3 d6 3. Bc4 Bg4 4. h3 Bh5 5. O-O h6 6. c3 Nf6 7. Re1 a6 8. d4
Nbd7 9. Qd3 c6 10. Nbd2 Be7 11. Nh4 Nb6 12. Bb3 Nfd7 13. Ndf3 Bxh4 14. d5 c5
15. Re3 Rc8 16. c4 Bg6 17. a3 Nf8 18. Bd1 Nh7 19. Nd2 Bg5 20. Rg3 Bf4 21. Rf3
Ng5 22. Qe2 Bxd2 23. Bxd2 Nxe4 24. Ba5 O-O 25. Rb3 f5 26. Bxb6 Qh4 27. f3 Ng3
28. Qf2 f4 29. Ba5 Rf7 30. Rb6 Qe7 31. b4 h5 32. bxc5 Rxc5 33. Bb4 Rxc4 34.
Bxd6 Qf6 35. Bc5 Qf5 36. Bb3 Rc3 37. d6 Qd3 38. Bxf7+ Kh7 39. Bxg6+ Kxg6 40.
Rxb7 Qxd6 1-0

[Event "Tournoi Skype 015B"]
[Site "Skype"]
[Date "????.??.??"]
[Round "2.5"]
[White "Ramirez Reina, Orlando"]
[Black "Vello, Pablo"]
[Result "0-1"]
[WhiteElo "1436"]
[BlackElo "1324"]
[PlyCount "52"]

1. e4 c5 2. c4 e5 3. Nf3 Nc6 4. a3 Nf6 5. Nc3 d6 6. h3 Be6 7. d3 Be7 8. Be3 O-O
9. Be2 a6 10. O-O Rb8 11. b4 Re8 12. Nd5 Bxd5 13. cxd5 Nd4 14. Bxd4 cxd4 15.
Rc1 Rc8 16. Qb3 Qb6 17. a4 a5 18. b5 Rc5 19. Rxc5 Qxc5 20. Rb1 Rc8 21. Bd1 Qc3
22. Qxc3 Rxc3 23. Ne1 Nd7 24. Kf1 Bg5 25. Rb3 Rc1 26. Ke2 Nb6 0-1

[Event "Tournoi Skype 015B"]
[Site "Skype"]
[Date "????.??.??"]
[Round "2.6"]
[White "Yeter, Orhan"]
[Black "Rugman, Dan"]
[Result "0-1"]
[WhiteElo "1431"]
[BlackElo "1320"]
[PlyCount "100"]

1. e4 c5 2. d4 cxd4 3. c3 dxc3 4. Nxc3 d6 5. Bc4 e6 6. Nf3 Bd7 7. O-O Be7 8.
Bf4 Nc6 9. Bxd6 Nh6 10. Bf4 g5 11. Be3 Ng4 12. Qe2 Nxe3 13. Qxe3 g4 14. Nd4 Qb6
15. Nxc6 Qxe3 16. fxe3 Bxc6 17. Bb5 Rc8 18. a4 Bc5 19. Bxc6+ Rxc6 20. Nd1 h5
21. Rf4 Bd6 22. Rf2 Ke7 23. Rd2 Rhc8 24. Nc3 Bb4 25. Rad1 R8c7 26. Rd3 Bxc3 27.
Rxc3 Rxc3 28. bxc3 Rxc3 29. Kf2 Rc4 30. Rd4 Rxd4 31. exd4 Kd6 32. Ke3 b6 33.
Kf4 a6 34. Ke3 b5 35. axb5 axb5 36. Kd3 f5 37. e5+ Kd5 38. Kc3 f4 39. Kd3 b4
40. g3 f3 41. Ke3 b3 42. Kf4 b2 43. Kg5 b1=Q 44. Kxh5 Qf5+ 45. Kh4 f2 46. h3
gxh3 47. g4 f1=Q 48. gxf5 Qxf5 49. Kg3 Kxd4 50. Kh2 Qg4 0-1

[Event "Tournoi Skype 015B"]
[Site "Skype"]
[Date "????.??.??"]
[Round "2.8"]
[White "Farthouat, Titoine"]
[Black "Bankhede, Shiv"]
[Result "0-1"]
[WhiteElo "1357"]
[BlackElo "1399"]
[PlyCount "90"]

1. e4 e5 2. Nf3 Nc6 3. Bb5 Nf6 4. d3 a6 5. Bxc6 dxc6 6. Nxe5 Bc5 7. O-O Qd4 8.
Nf3 Qd8 9. h3 O-O 10. Bg5 h6 11. Bh4 Be7 12. e5 Nd5 13. Bxe7 Qxe7 14. c4 Nf4
15. Nc3 Bf5 16. d4 Bd3 17. Re1 Bxc4 18. b3 Be6 19. Qd2 Nd5 20. Ne4 f6 21. exf6
Nxf6 22. Nxf6+ Qxf6 23. Ne5 Rad8 24. f3 c5 25. Re4 Rd5 26. Qa5 cxd4 27. Qxc7
Bf5 28. Ree1 d3 29. Qc4 Rfd8 30. Rad1 Be6 31. Qc7 Rc8 32. Qxb7 Rc2 33. Nxd3
Qd4+ 34. Kh2 Rg5 35. Rg1 Bd5 36. Qb8+ Kh7 37. Qf4 Qxf4+ 38. Nxf4 Bxf3 39. Rdf1
Bc6 40. a4 Rb2 41. Rb1 Rd2 42. Ne6 Rgxg2+ 43. Rxg2 Rxg2+ 44. Kh1 Rb2+ 45. Kg1
Rxb1+ 0-1

[Event "Tournoi Skype 015B"]
[Site "Skype"]
[Date "????.??.??"]
[Round "2.9"]
[White "Karia, Kirti"]
[Black "Guillen Andrinal, Pablo"]
[Result "1-0"]
[WhiteElo "1311"]
[BlackElo "1399"]
[PlyCount "39"]

1. e4 e5 2. Nf3 Nc6 3. Bb5 a6 4. Bxc6 dxc6 5. Nxe5 Qe7 6. d4 c5 7. Bf4 f6 8.
Qh5+ Kd8 9. Nf7+ Kd7 10. Nxh8 Qxe4+ 11. Be3 Qxc2 12. Qd5+ Ke8 13. Qf7+ Kd8 14.
Qxf8+ Kd7 15. Qxg7+ Kc6 16. Qxg8 cxd4 17. Bxd4 Qe4+ 18. Be3 Qb4+ 19. Nc3 Qxb2
20. Qd5# 1-0

[Event "Tournoi Skype 015B"]
[Site "Skype"]
[Date "????.??.??"]
[Round "2.10"]
[White "Heidari, Hadi"]
[Black "Cengiz, Cem"]
[Result "1-0"]
[WhiteElo "1399"]
[BlackElo "1225"]
[PlyCount "57"]

1. e4 e5 2. Bc4 Nf6 3. Nf3 Nxe4 4. Qe2 d5 5. Bd3 f5 6. Nxe5 Qd6 7. Nf3 Qe6 8.
Nd4 Qe7 9. f3 Nf6 10. Qxe7+ Bxe7 11. Bxf5 Bxf5 12. Nxf5 Bf8 13. O-O Nc6 14.
Re1+ Ne7 15. d4 g6 16. Nxe7 Bxe7 17. Bg5 Rf8 18. Re6 Kd7 19. Re5 Rae8 20. Bxf6
Bxf6 21. Rxd5+ Kc8 22. Nd2 Rd8 23. Rxd8+ Rxd8 24. c3 Bg5 25. Ne4 Be3+ 26. Kf1
g5 27. Re1 Bf4 28. g3 Bxg3 29. hxg3 1-0

[Event "Tournoi Skype 015B"]
[Site "Skype"]
[Date "????.??.??"]
[Round "2.12"]
[White "Coruble, Didier"]
[Black "Rivas, Jonathan"]
[Result "0-1"]
[WhiteElo "1288"]
[BlackElo "1399"]
[PlyCount "100"]

1. e4 e6 2. e5 d6 3. Nf3 Nc6 4. c3 dxe5 5. Bb5 Bd7 6. a4 Bd6 7. O-O Nf6 8. d3
h6 9. Nbd2 Qe7 10. b4 a6 11. Bc4 e4 12. dxe4 e5 13. Re1 Be6 14. Bd3 Qd7 15. Bb2
Bg4 16. b5 Nd8 17. bxa6 bxa6 18. Qe2 Qc6 19. c4 O-O 20. Qf1 Re8 21. a5 Rb8 22.
Bc3 Qc5 23. Rab1 Ne6 24. Rxb8 Rxb8 25. Rb1 Re8 26. Nb3 Qc6 27. Rc1 Bxf3 28.
gxf3 Nf4 29. Bc2 Qd7 30. c5 Nh3+ 31. Kh1 Bf8 32. Rd1 Qe6 33. Qg2 Nf4 34. Qf1
N6h5 35. Bd3 Qxb3 36. Bd2 Nxd3 37. Be3 Ndf4 38. Rb1 Qe6 39. Qg1 Qh3 40. Bxf4
Nxf4 41. Qg3 Bxc5 42. Qxh3 Nxh3 43. Kg2 Nxf2 44. Rc1 Nd3 45. Rc3 Ne1+ 46. Kg3
Bb4 47. Rxc7 Bxa5 48. Ra7 Re6 49. h4 Rg6+ 50. Kf2 Bb6+ 0-1

[Event "Tournoi Skype 015B"]
[Site "Skype"]
[Date "????.??.??"]
[Round "2.13"]
[White "Milanese, Serge"]
[Black "Kruk, Clementine"]
[Result "1-0"]
[WhiteElo "1397"]
[BlackElo "1035"]
[PlyCount "59"]

1. e4 e5 2. Nf3 Nc6 3. Bc4 Bc5 4. d3 h6 5. Nc3 Nf6 6. Be3 d6 7. h3 Be6 8. Bb3
Bb6 9. O-O O-O 10. Bd5 Qd7 11. Bxe6 Qxe6 12. Nb5 Rfc8 13. d4 Nxe4 14. Nh4 Qc4
15. Nf5 Qxb5 16. Nxh6+ gxh6 17. Qg4+ Kh8 18. Qxe4 exd4 19. Bxh6 Qh5 20. Bf4 Rg8
21. Kh2 Rg7 22. Rae1 Rag8 23. g3 Rh7 24. Kg2 Qxh3+ 25. Kf3 Ne5+ 26. Bxe5+ dxe5
27. Qxe5+ Rhg7 28. Rh1 Qh7 29. Rxh7+ Kxh7 30. Qh5# 1-0

[Event "Tournoi Skype 015B"]
[Site "Skype"]
[Date "????.??.??"]
[Round "2.14"]
[White "Lequeux, Pierre"]
[Black "Sauvaget, Joel"]
[Result "0-1"]
[WhiteElo "1223"]
[BlackElo "1396"]
[PlyCount "52"]

1. c4 Nf6 2. Nf3 e6 3. Nc3 c6 4. e4 Bb4 5. e5 Bxc3 6. dxc3 Ng8 7. Bg5 f6 8.
exf6 Nxf6 9. Bd3 O-O 10. O-O d5 11. Nd2 Qc7 12. Bxf6 Rxf6 13. c5 e5 14. Ne4
dxe4 15. Bxe4 Nd7 16. Qb3+ Kh8 17. Qa4 Nxc5 18. Qc4 Nxe4 19. Qxe4 Bf5 20. Qe3
Rh6 21. f4 Re6 22. Qg3 e4 23. Rae1 Rae8 24. Qg5 Qf7 25. g4 Rg6 26. Qh4 Rxg4+
0-1

[Event "Tournoi Skype 015B"]
[Site "Skype"]
[Date "????.??.??"]
[Round "2.15"]
[White "Farthouat, Catherine"]
[Black "Perrone, Gabriel Lorenzo"]
[Result "0-1"]
[WhiteElo "1039"]
[BlackElo "1385"]
[PlyCount "78"]

1. e4 e5 2. Nf3 Nf6 3. Nc3 d6 4. Bc4 Be7 5. O-O O-O 6. Re1 c6 7. d4 Nbd7 8. b3
Nb6 9. Bb2 Nxc4 10. bxc4 Bg4 11. h3 Bxf3 12. Qxf3 Qb6 13. Na4 Qb4 14. Qa3 Qxc4
15. c3 Rfe8 16. Rad1 b5 17. Qb4 Qxb4 18. cxb4 bxa4 19. dxe5 Nd7 20. exd6 Bf6
21. e5 Bxe5 22. Bxe5 Rxe5 23. f4 Rxe1+ 24. Rxe1 Kf8 25. Re7 Nf6 26. Rc7 Rd8 27.
Rxc6 Ne4 28. Ra6 Rxd6 29. Rxa7 Rf6 30. g3 Nxg3 31. Kg2 Ne2 32. Kf3 Nxf4 33. Ke4
Nxh3 34. b5 Ng5+ 35. Kd5 Rf5+ 36. Kc6 Rf6+ 37. Kd7 g6 38. Rb7 Ne6 39. b6 Nc5+
0-1

[Event "Tournoi Skype 015B"]
[Site "Skype"]
[Date "????.??.??"]
[Round "2.16"]
[White "Vincent, Andre"]
[Black "Rajpurohit, Dinesh"]
[Result "0-1"]
[WhiteElo "1386"]
[BlackElo "1574"]
[PlyCount "60"]

1. d4 d5 2. c4 dxc4 3. Nc3 Nf6 4. e3 e6 5. Bxc4 Bb4 6. Nge2 c5 7. O-O cxd4 8.
exd4 O-O 9. a3 Bxc3 10. Nxc3 Nc6 11. Be3 Qc7 12. g3 Rd8 13. Nb5 Qe7 14. Qd3 a6
15. Nc3 e5 16. d5 e4 17. Qd2 Ne5 18. Qd4 Nf3+ 19. Kh1 Nxd4 20. Bxd4 Qd6 21.
Rfe1 b5 22. Bb3 Bf5 23. Bxf6 Qxf6 24. Re3 Rac8 25. Rd1 Bg4 26. Rd2 Rxc3 27.
Rxc3 Qf5 28. Re3 Bf3+ 29. Kg1 Qh3 30. Rxf3 exf3 0-1

[Event "Tournoi Skype 015B"]
[Site "Skype"]
[Date "????.??.??"]
[Round "2.18"]
[White "Hague, Mark"]
[Black "Bustos, Ricardo"]
[Result "1-0"]
[WhiteElo "1418"]
[BlackElo "1120"]
[PlyCount "60"]

1. c4 Nf6 2. d4 e5 3. d5 c6 4. d6 c5 5. Bg5 h6 6. Bh4 Qb6 7. b3 Qxd6 8. Qxd6
Bxd6 9. Bxf6 gxf6 10. e4 a6 11. Nc3 Be7 12. Nd5 Kf8 13. Nb6 Ra7 14. Nxc8 Ra8
15. Nxe7 Kxe7 16. g3 Nc6 17. Ne2 d6 18. Nc3 Nb4 19. Rc1 b5 20. a4 Rhc8 21. cxb5
axb5 22. Nxb5 Na2 23. Rc2 Nb4 24. Rc3 Na2 25. Rc4 Kf8 26. Bh3 Rcb8 27. O-O Nb4
28. Nxd6 Nd3 29. Rc3 Nb2 30. Rxc5 Nxa4 1-0

[Event "Tournoi Skype 015B"]
[Site "Skype"]
[Date "????.??.??"]
[Round "2.19"]
[White "Farfallini, Michel"]
[Black "Rochette, Mathieu"]
[Result "0-1"]
[WhiteElo "1320"]
[BlackElo "1399"]
[PlyCount "38"]

1. e4 c5 2. Nf3 g6 3. d4 b6 4. Bf4 Bg7 5. Bc4 e6 6. Nc3 Nc6 7. Nb5 Bb7 8. Nc7+
Ke7 9. Nxa8 Qxa8 10. c3 Na5 11. Be2 Bxe4 12. O-O Nf6 13. Qa4 Qd5 14. dxc5 Nh5
15. Rad1 Qc6 16. Bb5 Bc2 17. Rxd7+ Qxd7 18. Bxd7 Bxa4 19. Bd6+ Kxd7 0-1

[Event "Tournoi Skype 015B"]
[Site "Skype"]
[Date "????.??.??"]
[Round "2.20"]
[White "Tripathi, Rajnikant"]
[Black "Roohi, Khatera"]
[Result "1-0"]
[WhiteElo "1564"]
[BlackElo "1199"]
[PlyCount "69"]

1. d4 d5 2. e4 dxe4 3. Nc3 Nf6 4. f3 exf3 5. Qxf3 Qxd4 6. Be3 Nc6 7. Bxd4 Nxd4
8. Qd1 e5 9. h3 Bf5 10. Bd3 Rd8 11. Bxf5 Nxf5 12. Qe2 Nd7 13. O-O-O Ng3 14. Qe3
Nxh1 15. Nge2 Bc5 16. Nd4 Bxd4 17. Rxd4 Ng3 18. Rxd7 Rxd7 19. Qxe5+ Re7 20.
Qxg7 Rf8 21. Qxg3 Kd8 22. Nd5 Rd7 23. Nf6 Rd6 24. Qg5 Kc8 25. Qf5+ Re6 26. Nxh7
Rd8 27. Ng5 Rdd6 28. Nxe6 fxe6 29. Qe5 Kd7 30. b3 Rd5 31. Qg7+ Kd6 32. g4 e5
33. Qf6+ Kc5 34. Qe7+ Kc6 35. g5 1-0

[Event "Tournoi Skype 015B"]
[Site "Skype"]
[Date "????.??.??"]
[Round "2.21"]
[White "Vitale, Maxi"]
[Black "Talbot, Jacques"]
[Result "0-1"]
[WhiteElo "1215"]
[BlackElo "1500"]
[PlyCount "84"]

1. e4 e5 2. Nf3 d6 3. Bc4 h6 4. d4 exd4 5. Nxd4 Bd7 6. Nc3 Nf6 7. h3 Be7 8. Qf3
Nc6 9. Nxc6 Bxc6 10. Be3 O-O 11. Qg3 Nh5 12. Qg4 Nf6 13. Qg3 Kh8 14. O-O-O Nxe4
15. Nxe4 Bxe4 16. Bd3 Bxd3 17. Rxd3 Bf6 18. c3 a6 19. Bd4 Re8 20. Rhd1 Bxd4 21.
Rxd4 Qf6 22. Rf4 Qe6 23. f3 Qxa2 24. Rfd4 Qa1+ 25. Kc2 Re2+ 26. R1d2 Rxd2+ 27.
Rxd2 Re8 28. Qf2 Re1 29. Kd3 Rd1 30. Qe2 Rxd2+ 31. Qxd2 b5 32. Qe2 Qb1+ 33. Ke3
Qf5 34. g4 Qe6+ 35. Kf2 Qxe2+ 36. Kxe2 a5 37. Kd3 Kg8 38. Kd4 Kf8 39. Kd5 Ke7
40. Kc6 b4 41. c4 a4 42. Kxc7 a3 0-1

[Event "Tournoi Skype 015B"]
[Site "Skype"]
[Date "????.??.??"]
[Round "2.22"]
[White "Briere, Jean"]
[Black "Alverson, Ginny"]
[Result "1-0"]
[WhiteElo "1455"]
[BlackElo "1193"]
[PlyCount "51"]

1. e4 c5 2. Nf3 Nf6 3. Nc3 Nc6 4. d4 cxd4 5. Nxd4 Nxd4 6. Qxd4 d6 7. Bb5+ Bd7
8. e5 dxe5 9. Qxe5 Rc8 10. O-O e6 11. a3 Ng4 12. Bxd7+ Qxd7 13. Qe4 Nf6 14. Qf3
Be7 15. Be3 O-O 16. Rfd1 Qc7 17. Rd2 Nd5 18. Nxd5 exd5 19. Qxd5 Bf6 20. c3 Rfd8
21. Qe4 Rxd2 22. Bxd2 Rd8 23. Re1 Qd7 24. g3 Qxd2 25. Qe8+ Rxe8 26. Rxe8# 1-0

[Event "Tournoi Skype 015B"]
[Site "Skype"]
[Date "????.??.??"]
[Round "2.23"]
[White "Armingaud, Jean-Claude"]
[Black "Duthoit, Bernard"]
[Result "0-1"]
[WhiteElo "1198"]
[BlackElo "1447"]
[PlyCount "64"]

1. e4 e6 2. d4 d5 3. exd5 exd5 4. Nc3 Nf6 5. Bg5 Be7 6. Nf3 O-O 7. Bxf6 Bxf6 8.
Be2 Nc6 9. Nb5 a6 10. Nc3 b5 11. a3 Re8 12. O-O Bf5 13. Bd3 Bxd3 14. Qxd3 b4
15. axb4 Nxb4 16. Qf5 g6 17. Qf4 Nxc2 18. Rad1 Nb4 19. Ne5 Bxe5 20. dxe5 c5 21.
Nxd5 Nxd5 22. Qe4 Nb4 23. Rxd8 Raxd8 24. Qf3 Rxe5 25. h3 Rd3 26. Qa8+ Kg7 27.
Qb7 Re2 28. Qb6 Rc2 29. f4 Rdd2 30. f5 Rxg2+ 31. Kh1 Rh2+ 32. Kg1 Rcg2# 0-1

[Event "Tournoi Skype 015B"]
[Site "Skype"]
[Date "????.??.??"]
[Round "2.24"]
[White "Tamditi, Ibrahim"]
[Black "Paquay, Renaud"]
[Result "0-1"]
[WhiteElo "1430"]
[BlackElo "1187"]
[PlyCount "38"]

1. e4 c6 2. e5 d5 3. d4 Bf5 4. Nf3 e6 5. h3 h5 6. Bd3 Bxd3 7. Qxd3 Bb4+ 8. c3
Ba5 9. b4 Bb6 10. a4 a5 11. b5 c5 12. dxc5 Bxc5 13. Ba3 Ba7 14. O-O Qb6 15.
Nbd2 Nd7 16. Nb3 Ne7 17. Bxe7 Kxe7 18. Rac1 Nc5 19. c4 Nxd3 0-1

[Event "Tournoi Skype 015B"]
[Site "Skype"]
[Date "????.??.??"]
[Round "2.25"]
[White "Melin, Christiane"]
[Black "Raheja, Shiv"]
[Result "0-1"]
[WhiteElo "1174"]
[BlackElo "1419"]
[PlyCount "24"]

1. e4 e5 2. Nf3 Nc6 3. d3 Bc5 4. Be2 Nf6 5. O-O d6 6. c3 Ng4 7. h3 Nh6 8. c4
Qf6 9. Bg5 Qg6 10. Qd2 f6 11. Be3 Bxh3 12. Kh2 Qxg2# 0-1

[Event "Tournoi Skype 015B"]
[Site "Skype"]
[Date "????.??.??"]
[Round "2.26"]
[White "Moumtaz, Abderrahim"]
[Black "Lemoine, Gerard"]
[Result "0-1"]
[WhiteElo "1399"]
[BlackElo "1170"]
[PlyCount "68"]

1. e4 e6 2. Nf3 d5 3. d4 c5 4. Nc3 Nc6 5. dxc5 Bxc5 6. exd5 exd5 7. Nxd5 Nge7
8. Bg5 O-O 9. Bxe7 Nxe7 10. c4 Be6 11. Rc1 b6 12. a3 Bxd5 13. b4 Bxf3 14. Qxf3
Bd6 15. Bd3 Ng6 16. O-O Ne5 17. Qe2 Nxd3 18. Rcd1 Nf4 19. Rxd6 Nxe2+ 20. Kh1
Qxd6 21. g3 Qc6+ 22. f3 Rad8 23. Kg2 Qxc4 24. Kf2 Rfe8 25. Re1 Nc3 26. Rf1 Rd1
27. Rxd1 Nxd1+ 28. Kg2 Ne3+ 29. Kh3 Qe6+ 30. g4 Qh6+ 31. Kg3 g5 32. h3 Qh4+ 33.
Kh2 Qf2+ 34. Kh1 Qg2# 0-1

[Event "Tournoi Skype 015B"]
[Site "Skype"]
[Date "????.??.??"]
[Round "2.27"]
[White "Martin, Elise"]
[Black "Martin, Jean-Claude"]
[Result "0-1"]
[WhiteElo "1130"]
[BlackElo "1340"]
[PlyCount "78"]

1. e4 e5 2. Nf3 Be7 3. Bb5 Nf6 4. d3 Nc6 5. Bg5 h6 6. Bh4 O-O 7. c3 a6 8. Ba4
d5 9. b4 dxe4 10. Nfd2 exd3 11. O-O Ng4 12. Bxe7 Nxe7 13. h3 Nf6 14. Nf3 e4 15.
Ne5 Qd6 16. Nc4 Qd8 17. Nbd2 b5 18. Bb3 bxc4 19. Bxc4 Ned5 20. Qb3 e3 21. fxe3
Nxe3 22. Rf2 Nxc4 23. Nxc4 Be6 24. Raf1 Bxc4 25. Qxc4 d2 26. Qe2 Qd5 27. c4 Qd4
28. a4 Ne4 29. Qf3 Nxf2 30. Rxf2 d1=Q+ 31. Kh2 Qxf3 32. Rxf3 Qxc4 33. g4 g5 34.
h4 gxh4 35. Kh3 Qe2 36. Rf4 Qe1 37. b5 axb5 38. axb5 Ra3+ 39. Kg2 Qg3+ 0-1

[Event "Tournoi Skype 015B"]
[Site "Skype"]
[Date "????.??.??"]
[Round "2.28"]
[White "Capdeville, Jean"]
[Black "Rival, Jocelyn"]
[Result "1-0"]
[WhiteElo "1330"]
[BlackElo "1077"]
[PlyCount "69"]

1. e4 e5 2. Nf3 d6 3. Bc4 d5 4. exd5 Nf6 5. Nxe5 Bd6 6. d4 Nbd7 7. Qe2 O-O 8.
O-O Re8 9. Bf4 Nb6 10. Bb3 Qe7 11. Nc3 Bb4 12. Ne4 Bf5 13. c3 Bd6 14. h3 Nxe4
15. Qxe4 Bxe4 16. Rfe1 Bg6 17. Re3 Qf6 18. Bg3 c6 19. c4 Rac8 20. Rae1 c5 21.
Ng4 Qd8 22. Rxe8+ Qxe8 23. Rxe8+ Rxe8 24. Bxd6 cxd4 25. Ne5 f6 26. Nxg6 hxg6
27. Kf1 f5 28. c5 Nd7 29. c6 Ne5 30. cxb7 Nd7 31. Ba4 Rd8 32. Ke2 Kf7 33. Kd3
Nb6 34. b8=Q Nxa4 35. Qxd8 1-0

[Event "Tournoi Skype 015B"]
[Site "Skype"]
[Date "????.??.??"]
[Round "2.29"]
[White "Coude, Josue"]
[Black "Lecluyse, Koenraad"]
[Result "1-0"]
[WhiteElo "1081"]
[BlackElo "1305"]
[PlyCount "85"]

1. e4 e5 2. Nf3 Nc6 3. Bc4 Nf6 4. d3 d6 5. Bg5 Bg4 6. Nc3 Be7 7. h3 Bh5 8. g4
h6 9. Be3 Bg6 10. Qd2 O-O 11. O-O-O a5 12. Nd5 Nb4 13. Nxb4 axb4 14. Qxb4 c5
15. Qxb7 Rxa2 16. Bxa2 Nd7 17. Qb3 Qe8 18. h4 h5 19. Rhg1 Kh8 20. g5 Bd8 21. d4
cxd4 22. Bd2 Nc5 23. Qb4 Be7 24. Rde1 Bxe4 25. Nh2 Bg6 26. f4 f6 27. gxf6 gxf6
28. f5 Bh7 29. Bh6 Bg8 30. Bxg8 Rxg8 31. Rxg8+ Qxg8 32. b3 Qg2 33. Nf1 Qg4 34.
Qb8+ Kh7 35. Bf8 Qxh4 36. Rd1 Qf4+ 37. Kb2 Bxf8 38. Qxf8 Qxf5 39. Ra1 d3 40.
Ra8 dxc2 41. Ra7+ Kg6 42. Qg8+ Kh6 43. Qg7# 1-0

[Event "Tournoi Skype 015B"]
[Site "Skype"]
[Date "????.??.??"]
[Round "2.30"]
[White "Khatanhar, Mohit"]
[Black "Gagnon, Sindy"]
[Result "1-0"]
[WhiteElo "1304"]
[BlackElo "1049"]
[PlyCount "21"]

1. e4 e5 2. Bc4 Nf6 3. d3 Bc5 4. Qf3 d6 5. h3 Nbd7 6. Be3 Bb4+ 7. Nd2 c5 8. Qg3
Nh5 9. Qg4 g6 10. Qf3 b6 11. Qxf7# 1-0

[Event "Tournoi Skype 015B"]
[Site "Skype"]
[Date "????.??.??"]
[Round "2.31"]
[White "Baker, Abi"]
[Black "Mantelli, Luca"]
[Result "0-1"]
[WhiteElo "1072"]
[BlackElo "1287"]
[PlyCount "80"]

1. c4 e6 2. Nc3 d5 3. e3 Nf6 4. g3 c6 5. f4 Be7 6. Qc2 b6 7. Nf3 c5 8. Bd3 Bb7
9. b3 dxc4 10. bxc4 Bxf3 11. Be4 Nxe4 12. Qa4+ Qd7 13. Nb5 O-O 14. Rf1 Bg4 15.
Nc3 Nxc3 16. Qxd7 Nxd7 17. dxc3 e5 18. f5 Bf6 19. e4 g6 20. h4 gxf5 21. exf5 e4
22. Be3 Bxc3+ 23. Kf2 Bxa1 24. Rxa1 Bxf5 25. a4 Ne5 26. Kg2 Nxc4 27. Kf2 Nxe3
28. Kxe3 Rad8 29. Rf1 Rd3+ 30. Kf4 Rf3+ 31. Rxf3 exf3 32. Kxf3 c4 33. h5 c3 34.
Kf4 Bd7 35. Ke3 c2 36. Kd2 Rc8 37. h6 c1=Q+ 38. Ke2 Rc3 39. Kf2 Qb2+ 40. Ke1
Rc1# 0-1

[Event "Tournoi Skype 015B"]
[Site "Skype"]
[Date "????.??.??"]
[Round "2.33"]
[White "Talbot, Jean"]
[Black "Douichi, Mohammed"]
[Result "1-0"]
[WhiteElo "1041"]
[BlackElo "1240"]
[PlyCount "45"]

1. e4 e5 2. Nf3 Nc6 3. Nc3 Nf6 4. Bb5 Be7 5. O-O Nd4 6. Nxe5 Nxb5 7. Nxb5 Nxe4
8. Re1 Nc5 9. d4 c6 10. dxc5 cxb5 11. Qd3 a6 12. h3 Bxc5 13. Ng6+ Be7 14. Nxe7
Kf8 15. Qa3 d6 16. Bf4 Be6 17. Bxd6 b6 18. Ng6+ Ke8 19. Nxh8 Kd7 20. Rad1 Qxh8
21. Bf4+ Kc6 22. Qd6+ Kb7 23. Qc7# 1-0

[Event "Tournoi Skype 015B"]
[Site "Skype"]
[Date "????.??.??"]
[Round "2.34"]
[White "Marty, Yvette"]
[Black "Bilsel, Sebahittin"]
[Result "0-1"]
[WhiteElo "1000"]
[BlackElo "1236"]
[PlyCount "50"]

1. e4 e5 2. Nf3 Nf6 3. d3 Nc6 4. Bg5 Be7 5. Nc3 h6 6. Bh4 d5 7. exd5 Nxd5 8.
Bxe7 Ncxe7 9. d4 e4 10. Nxe4 Bf5 11. Ne5 Bxe4 12. f3 Ne3 13. Qd2 Nxc2+ 14. Ke2
Nxa1 15. fxe4 f6 16. Ng4 O-O 17. e5 fxe5 18. Nxe5 Nd5 19. Kd1 c5 20. Bc4 Kh8
21. Ke2 Nf4+ 22. Kf2 cxd4 23. Rxa1 Nd3+ 24. Ke2 Nxe5 25. b4 Nxc4 0-1

[Event "Tournoi Skype 015B"]
[Site "Skype"]
[Date "????.??.??"]
[Round "3.1"]
[White "Hernandez, George"]
[Black "Milanese, Serge"]
[Result "1-0"]
[WhiteElo "1466"]
[BlackElo "1397"]
[PlyCount "93"]

1. e4 e5 2. Nf3 Nf6 3. Nxe5 d6 4. Nf3 Nxe4 5. d4 Bf5 6. Bc4 Be7 7. O-O O-O 8.
d5 Nd7 9. Bd3 Bf6 10. Re1 Re8 11. Nbd2 Nc3 12. Rxe8+ Qxe8 13. bxc3 Bg6 14. Bxg6
hxg6 15. Rb1 b6 16. Nf1 Ne5 17. Nxe5 Qxe5 18. Bb2 Qe4 19. Ng3 Qc4 20. a3 Re8
21. Qd2 Qa2 22. Re1 Rxe1+ 23. Qxe1 Qxb2 24. Qe8+ Kh7 25. Qxf7 Bxc3 26. Qxc7
Qc1+ 27. Nf1 Qe1 28. h4 Bd4 29. Qf7 a6 30. h5 gxh5 31. Qxh5+ Kg8 32. Qf3 b5 33.
g4 g5 34. Kg2 a5 35. Qf5 b4 36. axb4 axb4 37. Qxg5+ Kh8 38. Qd8+ Kg7 39. Qd7+
Kh8 40. Qd8+ Kg7 41. Qg5+ Kf7 42. Qf4+ Bf6 43. g5 Qe5 44. Qxf6+ Qxf6 45. gxf6
Kxf6 46. Kf3 Ke5 47. Ne3 1-0

[Event "Tournoi Skype 015B"]
[Site "Skype"]
[Date "????.??.??"]
[Round "3.2"]
[White "De Coninck, Philippe"]
[Black "Sauvaget, Joel"]
[Result "1-0"]
[WhiteElo "1462"]
[BlackElo "1396"]
[PlyCount "31"]

1. e4 e5 2. f4 exf4 3. Nf3 d6 4. Bc4 h6 5. d3 Bg4 6. Bxf4 Ne7 7. O-O Ng6 8. Bg3
Be7 9. h3 Bd7 10. Bxf7+ Kxf7 11. Ne5+ Ke8 12. Nf7 Qc8 13. Nxh8 Nxh8 14. Qh5+ g6
15. Qxh6 Bf6 16. Rxf6 1-0

[Event "Tournoi Skype 015B"]
[Site "Skype"]
[Date "????.??.??"]
[Round "3.3"]
[White "Perrone, Gabriel Lorenzo"]
[Black "Porcabeuf, Jean-Marc"]
[Result "1-0"]
[WhiteElo "1385"]
[BlackElo "1438"]
[PlyCount "43"]

1. f4 d5 2. Nf3 e6 3. e3 Nc6 4. Bb5 Bd7 5. b3 Bd6 6. Bb2 Nce7 7. Bxd7+ Qxd7 8.
Bxg7 Ng6 9. Bxh8 Nxh8 10. O-O Ng6 11. Qe2 Nf6 12. d3 c5 13. Nbd2 d4 14. exd4
cxd4 15. Ne5 Qc7 16. Ndc4 O-O-O 17. Nxd6+ Qxd6 18. Nxf7 Qc7 19. Nxd8 Nxf4 20.
Qf3 N6h5 21. Nxe6 Qg7 22. Nxg7 1-0

[Event "Tournoi Skype 015B"]
[Site "Skype"]
[Date "????.??.??"]
[Round "3.4"]
[White "Aceituno, Stebe"]
[Black "Gharbi, Said"]
[Result "0-1"]
[WhiteElo "1399"]
[BlackElo "1365"]
[PlyCount "80"]

1. e4 d5 2. exd5 Qxd5 3. Nc3 Qa5 4. Nf3 e6 5. Be2 Bb4 6. a3 Bxc3 7. bxc3 c6 8.
O-O Nf6 9. Bb2 O-O 10. c4 Nbd7 11. d4 Qc7 12. Bd3 b6 13. Re1 c5 14. Ne5 cxd4
15. Bxd4 Nxe5 16. Bxe5 Qe7 17. Bd6 Qb7 18. Bxf8 Kxf8 19. f3 Qc6 20. Be4 Nxe4
21. Rxe4 Ba6 22. Qd3 b5 23. Rd4 Qc5 24. Kh1 Ke7 25. Rd7+ Ke8 26. cxb5 Bxb5 27.
Qd6 Qg5 28. Qe7+ Qxe7 29. Rxe7+ Kxe7 30. Kg1 Rc8 31. Rb1 a6 32. Rb2 Rc3 33. Kf2
Rxa3 34. Ke1 Ra1+ 35. Kd2 Rh1 36. h3 Rh2 37. Ke3 Rxg2 38. Kf4 Kf6 39. Rb4 e5+
40. Ke3 Re2# 0-1

[Event "Tournoi Skype 015B"]
[Site "Skype"]
[Date "????.??.??"]
[Round "3.5"]
[White "Bankhede, Shiv"]
[Black "Vello, Pablo"]
[Result "0-1"]
[WhiteElo "1399"]
[BlackElo "1324"]
[PlyCount "40"]

1. d4 Nf6 2. c4 d5 3. Nc3 e6 4. Nf3 Bb4 5. Qc2 Ne4 6. a3 Bxc3+ 7. bxc3 Nc6 8.
e3 Ng5 9. Nxg5 Qxg5 10. e4 Qg6 11. Bd3 dxc4 12. Bxc4 Qxg2 13. Rf1 e5 14. Bb5
O-O 15. Bxc6 bxc6 16. Qa4 Qxe4+ 17. Be3 Bg4 18. Ra2 Qb1+ 19. Kd2 Qxf1 20. dxe5
Qe2+ 0-1

[Event "Tournoi Skype 015B"]
[Site "Skype"]
[Date "????.??.??"]
[Round "3.6"]
[White "Rugman, Dan"]
[Black "Heidari, Hadi"]
[Result "1-0"]
[WhiteElo "1320"]
[BlackElo "1399"]
[PlyCount "85"]

1. e4 e5 2. Nf3 Nc6 3. Bc4 Bc5 4. c3 Nf6 5. d3 O-O 6. Bb3 d5 7. Nbd2 d4 8. Nc4
Bg4 9. Ba4 Re8 10. Bxc6 bxc6 11. h3 Bxf3 12. Qxf3 Bb6 13. Bg5 Re6 14. O-O c5
15. Qg3 c6 16. Nxe5 Bc7 17. Bxf6 Qxf6 18. cxd4 cxd4 19. Ng4 Bxg3 20. Nxf6+ Rxf6
21. fxg3 Rxf1+ 22. Rxf1 Rb8 23. b3 Rb5 24. Rc1 c5 25. b4 Rxb4 26. Rxc5 Rb1+ 27.
Kh2 h6 28. Rc4 Rb2 29. a4 a5 30. Rxd4 Rb4 31. Rxb4 axb4 32. a5 b3 33. a6 b2 34.
a7 b1=Q 35. a8=Q+ Kh7 36. Qd5 Qc2 37. Qxf7 Qxd3 38. e5 Qd8 39. e6 Qg8 40. Qd7
Qf8 41. e7 Qg8 42. e8=Q h5 43. Qxh5# 1-0